English Royal A-Z - Statistics

General Stats
  • This quiz has been taken 117 times
  • The average score is 17 of 26
Answer Stats
Hint Answer % Correct
B: Official London residence of the Royal family Buckingham Palace
95%
C: One was a "Party King", the other ended up a headless King! Charles
89%
I: Victoria was named Empress of this country in 1876 India
83%
A: A mystical king, and the name of Henry 8th eldest brother Arthur
80%
F: Many early Kings liked claiming the throne of this country also France
80%
H: The ruling house that provided us with many George's, a William and a Victoria Hanover
76%
L: Richard 1st's nickname Lionheart
76%
J: Third wife of Henry the 8th Jane Seymour
75%
Y: One of the houses involved in the War of the Roses York
73%
N: In 1066 they invaded England, and gave us William the Conqueror Normans
72%
O: The first name of the man who thought England was better off without a King Oliver
72%
R: Some had red, some had white. The Tudors combined them Roses
72%
X: Should we ever get a Henry the Eleventh these will be his roman numerals XI
72%
S: The only king from the house of Blois Stephen
70%
Q: The official title of a King's wife Queen Consort
69%
Z: Name of Princess Anne's daughter Zara
68%
P: An official title of the heir to the throne Prince of Wales
66%
K: Royal residence since the 17th century Kensington Palace
60%
G: An order founded by King Edward 3rd, and still presided over by the current monarch Garter
56%
M: Almost the first Queen of England Matilda
53%
T: Where monarchs traditionally stayed before their coronation Tower of London
47%
V: According to "God Save the Queen" He should send her this Victorious
46%
W: Alfred the Great belonged to this house, as did Edward the Confessor Wessex
46%
E: Known as the Hammer of the Scots Edward 1st
41%
U: Richard 3rd was one, Some say Henry 7th was another Usurper
39%
D: Subsidiary title given from the Pope to English/British Monarchs Defender of the Faith
38%
No matching quizzes found
Score Distribution
Percent of People with Each Score
Percentile by Number Answered
Your Score History
You have not taken this quiz